000 00352nam a2200145Ia 4500
008 191206s9999 xx 000 0 und d
020 _a0553380095 (pbk.)
090 _aPS3551N405
245 4 _aThe Heart of a Woman
250 _aBantam trade ed.
260 _aBantam Books
260 _cc1997
300 _a324 p. ; 21 cm.
999 _c17069
_d17069